Catalog

Record Details

Catalog Search



Malý katechismus Dr Martina Luthera  Cover Image Book Book

Malý katechismus Dr Martina Luthera / Martin Luther

Luther, Martin (Author).

Record details

  • Physical Description: 16 p.
  • Edition: dotisk 3. nezměněného vydání z r. 1937
  • Publisher: Praha Státní nakladatelství 1947

Available copies

  • 1 of 1 copy available at Common Catalog SPOK.

Holds

  • 0 current holds with 1 total copy.
Show Only Available Copies
Location Call Number / Copy Notes Barcode Shelving Location Status Due Date
ETS Library 238.41 424470002353 Volný výběr Available -

LDR 00676nam a2 00241
00134619
003CZ-PrJAB
00520140122000000.0
008030331s1947 xr e |||| |cze
009cz
035 . ‡a(CONS)5589
035 . ‡aKPS11354
040 . ‡aABG450
041 . ‡acze
08214. ‡a238.41
100 . ‡7478 ‡aLuther, Martin
245 . ‡aMalý katechismus Dr Martina Luthera / ‡cMartin Luther
250 . ‡adotisk 3. nezměněného vydání z r. 1937
260 . ‡aPraha ‡bStátní nakladatelství ‡c1947
300 . ‡a16 p.
653 . ‡aMalý katechismus Dr Martina Luthera
8524 . ‡bETS ‡bETS ‡cVolný výběr ‡j238.41 ‡gA ‡p424470002353
910 . ‡aABG450
999 . ‡a5589 ‡bAUTOGEN ‡c5589 ‡tbiblio
905 . ‡uadmin
901 . ‡a34619 ‡b ‡c34619 ‡tbiblio ‡sets

Additional Resources